00491nam a2200145Ia 4500008004100000020001800041082002200059100003900081245011200120250000600232260002500238300001900263440001000282650005300292120622s9999 xx 000 0 und d a968-23-0475-X a306.47 G216p 2001 aGarcía Canclini, Néstor, 1939- aLa producción simbólica : teoría y método en sociología del arte / por Néstor García Canclini a7 aMéxico : Siglo XXI a162 p. + fots. aArtes a1. ARTE Y SOCIEDAD \ 2. SIMBOLISMO EN EL ARTEÌ